Statistics for Rangers FC current squad

Click here to take the quiz!

General Stats

  • This quiz has been taken 84 times
  • The average score is 17 of 30

Answer Stats

NumberAnswer% Correct
2James Tavernier
97%
1Allan McGregor
92%
20Alfredo Morelos
86%
6Connor Goldson
86%
8Ryan Jack
76%
14Ryan Kent
76%
3Calvin Bassey
73%
17Joe Aribo
73%
4John Lundstram
73%
37Scott Arfield
71%
18Glen Kamara
68%
10Steven Davis
68%
25Kemar Roofe
66%
30Fashion Sakala JR
64%
7Ianis Hagi
64%
5Filip Helander
61%
23Scott Wright
58%
26Leon Balogun
56%
19James Sands
51%
31Borna Barasic
49%
33Jon McLaughlin
49%
11Cedric Itten
46%
61Leon King
46%
16Aaron Ramsey
39%
28Robby McCrorie
37%
9Amad Diallo
29%
13Andy Firth
17%
15Jack Simpson
17%
22Mateusz Zukowski
14%
24Nnamdi Ofobroh
0%

Score Distribution

Percentile by Number Answered

Percent of People with Each Score

Your Score History

You have not taken this quiz